[Event "Team senior chess final 2018"]
[Site "Sochi"]
[Date "2018.05.01"]
[Round "1.1"]
[White "Gubernatorov, Sergey"]
[Black "Faibisovich, Vadim Z"]
[Result "1/2-1/2"]
[WhiteElo "2220"]
[BlackElo "2320"]
[PlyCount "66"]
[EventDate "2018.05.01"]

1. d4 Nf6 2. Nf3 e6 3. g3 d5 4. Bg2 Be7 5. c4 O-O 6. O-O Nbd7 7. Nc3 c6 8. Qd3
b6 9. e4 Ba6 10. b3 Rc8 11. Bb2 Ne8 12. a4 dxc4 13. bxc4 Nd6 14. Nd2 e5 15. Nd1
exd4 16. Qxd4 f6 17. Ne3 Ne5 18. a5 Ndxc4 19. Ndxc4 Nxc4 20. Nxc4 Qxd4 21. Bxd4
Bxc4 22. Rfc1 Be6 23. axb6 axb6 24. Bxb6 c5 25. Ra7 Rf7 26. f4 Bf8 27. Bf1 Rxa7
28. Bxa7 c4 29. Bd4 Rd8 30. Be3 Rc8 31. Bd4 Rd8 32. Be3 Rc8 33. Bd4 Rd8 1/2-1/2

[Event "Team senior chess final 2018"]
[Site "Sochi"]
[Date "2018.05.01"]
[Round "1.2"]
[White "Karasev, Vladimir I"]
[Black "Mednikov, Gennadiy"]
[Result "1-0"]
[WhiteElo "2336"]
[BlackElo "2110"]
[PlyCount "55"]
[EventDate "2018.05.01"]

1. Nf3 d5 2. g3 Nc6 3. d4 Bg4 4. Bg2 Qd7 5. h3 Bf5 6. Nh4 Be4 7. f3 Qd6 8. Bf4
e5 9. dxe5 Qb4+ 10. Nd2 Be7 11. fxe4 g5 12. exd5 gxf4 13. dxc6 O-O-O 14. c3
Qxb2 15. Qc1 Ba3 16. Qxb2 Bxb2 17. cxb7+ Kb8 18. Rd1 Bxc3 19. gxf4 Ne7 20. e3
Rhg8 21. Be4 f5 22. exf6 Bxf6 23. Ndf3 Rde8 24. Kf2 Ng6 25. Nxg6 Rxe4 26. Nge5
Kxb7 27. Rb1+ Kc8 28. Rb8+ 1-0

[Event "Team senior chess final 2018"]
[Site "Sochi"]
[Date "2018.05.01"]
[Round "1.3"]
[White "Merkushev, Vasily"]
[Black "Blechzin, Igor"]
[Result "0-1"]
[WhiteElo "2154"]
[BlackElo "2251"]
[PlyCount "132"]
[EventDate "2018.05.01"]

1. c4 e5 2. Nc3 Nf6 3. g3 Bb4 4. Qb3 Nc6 5. e3 O-O 6. Bg2 a5 7. Nge2 d6 8. a3
Bc5 9. O-O Bd7 10. h3 e4 11. Kh2 Re8 12. f3 exf3 13. Rxf3 Ne5 14. Rf1 a4 15.
Qc2 Nxc4 16. Nd5 Na5 17. Nxf6+ gxf6 18. d4 Bb6 19. Nf4 Nb3 20. Rb1 Bb5 21. Qf5
Bxf1 22. Bxf1 Ra5 23. d5 Re5 24. Qg4+ Kf8 25. e4 Rc5 26. Nd3 Rc2+ 27. Bg2 Nxc1
28. Rxc1 Rxc1 29. Nxc1 f5 30. exf5 Qf6 31. Nd3 Rxf5 32. Qxa4 Qd4 33. Qxd4 Bxd4
34. g4 Rg5 35. Kg3 Ke7 36. Be4 h6 37. b4 Rg8 38. a4 h5 39. a5 hxg4 40. hxg4 Ra8
41. Ne1 Bc3 42. Nc2 Kf6 43. Kf4 Bd2+ 44. Kg3 Ke5 45. Bf3 Rg8 46. Kf2 Rh8 47.
Ke2 Rh2+ 48. Kd3 Rh3 49. Kxd2 Rxf3 50. Ne3 Kd4 51. Nf5+ Kc4 52. Ke2 Rf4 53. Nh6
Kxd5 54. b5 Kc5 55. a6 bxa6 56. bxa6 Kb6 57. Ke3 Rf1 58. Ke2 Rf6 59. g5 Rg6 60.
Nxf7 Rg7 61. Nd8 Rxg5 62. Kd3 Kxa6 63. Ne6 Rg3+ 64. Kc4 Kb6 65. Kd5 Re3 66. Nd4
Rd3 0-1

[Event "Team senior chess final 2018"]
[Site "Sochi"]
[Date "2018.05.01"]
[Round "1.4"]
[White "Malinin, Vasily B"]
[Black "Mayorov, Viktor"]
[Result "0-1"]
[WhiteElo "2197"]
[BlackElo "1964"]
[PlyCount "126"]
[EventDate "2018.05.01"]

1. d4 Nf6 2. c4 e6 3. Nc3 Bb4 4. Bg5 h6 5. Bh4 c5 6. d5 g5 7. Bg3 Ne4 8. Qc2
Qf6 9. Rc1 Bxc3+ 10. bxc3 Nxg3 11. fxg3 d6 12. Nf3 e5 13. e3 Nd7 14. Bd3 Qe7
15. O-O O-O 16. Rf2 Nf6 17. Nd2 e4 18. Nxe4 Ng4 19. Re2 f5 20. Nf2 Ne5 21. Rf1
Bd7 22. h3 Rae8 23. Ree1 b5 24. Qe2 bxc4 25. Bb1 Rb8 26. Qh5 Qg7 27. Qe2 Rb6
28. g4 fxg4 29. hxg4 Rfb8 30. Bf5 Rb2 31. Qd1 Rxa2 32. Bxd7 Nxd7 33. Ne4 Rbb2
34. Rf5 Rxg2+ 35. Kf1 Rh2 36. Nf2 Qxc3 37. Qb1 Qb2 38. Qxb2 Rxb2 39. Kg1 Rh4
40. Ra1 Rb7 41. Kg2 Ne5 42. Kg3 c3 43. Rf6 Rd7 44. Rc1 Kg7 45. Rf5 Rf7 46.
Rxf7+ Kxf7 47. Rxc3 h5 48. Ra3 hxg4 49. Rxa7+ Kg6 50. Ra6 Nc4 51. Nxg4 Kf5 52.
Nf2 Ke5 53. e4 Nd2 54. Ng4+ Rxg4+ 55. Kxg4 Nxe4 56. Ra8 Kxd5 57. Kf5 Kd4 58.
Re8 d5 59. Rd8 c4 60. Ra8 c3 61. Ra4+ Ke3 62. Ke5 c2 63. Ra1 Nc3 0-1

[Event "Team senior chess final 2018"]
[Site "Sochi"]
[Date "2018.05.01"]
[Round "1.2"]
[White "Rashkovsky, Nukhim N"]
[Black "Sabaev, Evgueni"]
[Result "1/2-1/2"]
[WhiteElo "2486"]
[BlackElo "2125"]
[PlyCount "37"]
[EventDate "2018.05.01"]
[WhiteTeam "Шахматный клуб "]

1. d4 e6 2. Nf3 f5 3. h3 Nf6 4. g4 d5 5. Rg1 c6 6. Ne5 Nbd7 7. Nd2 Nxe5 8. dxe5
Ne4 9. e3 Qh4 10. Qe2 Bd7 11. Nf3 Qe7 12. Bd2 g6 13. O-O-O Nxd2 14. Qxd2 Qb4
15. Qe2 Qe7 16. Qd2 Qb4 17. Qe2 Qe7 18. Qd2 Qb4 19. Qe2 1/2-1/2

[Event "Team senior chess final 2018"]
[Site "Sochi"]
[Date "2018.05.01"]
[Round "1.3"]
[White "Karimov, Rashid"]
[Black "Lisenko, Alexander V"]
[Result "1/2-1/2"]
[WhiteElo "2125"]
[BlackElo "2363"]
[PlyCount "48"]
[EventDate "2018.05.01"]
[BlackTeam "Шахматный клуб "]

1. c4 c5 2. Nf3 Nc6 3. d4 cxd4 4. Nxd4 e6 5. Nc3 Bb4 6. g3 Qa5 7. Nxc6 bxc6 8.
Bd2 Qe5 9. Bg2 Nf6 10. O-O O-O 11. Ne4 Bxd2 12. Nxf6+ Qxf6 13. Qxd2 d5 14. Rac1
a5 15. b3 Ba6 16. cxd5 cxd5 17. Rfd1 Qe7 18. e4 dxe4 19. Bxe4 Bb7 20. Bxb7 Qxb7
21. Qb2 Qe7 22. Qd2 Qb7 23. Qb2 Qe7 24. Qd2 Qb7 1/2-1/2

[Event "Team senior chess final 2018"]
[Site "Sochi"]
[Date "2018.05.01"]
[Round "1.4"]
[White "Dragomarezkij, Evgeni"]
[Black "Vasiliev, Sergey"]
[Result "1-0"]
[WhiteElo "2375"]
[BlackElo "1945"]
[PlyCount "77"]
[EventDate "2018.05.01"]
[WhiteTeam "Шахматный клуб "]

1. c4 e6 2. Nf3 d5 3. b3 Nf6 4. Bb2 Be7 5. g3 O-O 6. Bg2 c6 7. O-O Nbd7 8. d3
Qc7 9. Qc2 Bd6 10. Rc1 Qd8 11. Nc3 Re8 12. d4 Qe7 13. Re1 dxc4 14. bxc4 e5 15.
e3 Rb8 16. a4 b6 17. Nh4 exd4 18. Nf5 Qe6 19. Nxd4 Qxc4 20. Bf1 Qc5 21. Ba3 Qe5
22. f4 Qxd4 23. exd4 Rxe1 24. Rxe1 Bxa3 25. Qb3 Bd6 26. Bc4 b5 27. Bxf7+ Kf8
28. Be6 bxa4 29. Qxa4 c5 30. Nb5 Be7 31. d5 a6 32. Na7 Nb6 33. Qa5 Nfxd5 34.
Nxc8 Nxc8 35. Bxd5 Rb6 36. Be6 Rc6 37. Bxc8 Rxc8 38. Qxa6 c4 39. Qxc8+ 1-0

[Event "Team senior chess final 2018"]
[Site "Sochi"]
[Date "2018.05.02"]
[Round "2.1"]
[White "Faibisovich, Vadim Z"]
[Black "Zlachevskiy, Leonid"]
[Result "1/2-1/2"]
[WhiteElo "2320"]
[BlackElo "1991"]
[PlyCount "87"]
[EventDate "2018.05.01"]

1. e4 e5 2. Nf3 d6 3. d4 Nf6 4. Nc3 Nbd7 5. Bc4 Be7 6. O-O O-O 7. a4 a5 8. Qe2
c6 9. Rd1 Qc7 10. Bg5 h6 11. Bh4 g5 12. Bg3 Nh5 13. dxe5 Nxg3 14. hxg3 dxe5 15.
Nh2 Nf6 16. Rd3 Kg7 17. Nf1 Bg4 18. f3 Bc5+ 19. Ne3 Bh5 20. Kh2 Bg6 21. Nf5+
Bxf5 22. exf5 Rad8 23. Ne4 Be7 24. Rad1 Rxd3 25. Rxd3 Rd8 26. Nxf6 Bxf6 27. Qe4
Rd6 28. b3 Qd8 29. g4 Rd4 30. Rxd4 exd4 31. Kg1 Qd7 32. Kf1 Qc7 33. Qe8 Qe7 34.
Qxe7 Bxe7 35. Ke2 Bf6 36. Kd3 Kf8 37. Ke4 Ke7 38. g3 Ke8 39. f4 Ke7 40. Be2 Kd6
41. Bc4 Ke7 42. Kd3 Ke8 43. Ke4 Ke7 44. Kd3 1/2-1/2

[Event "Team senior chess final 2018"]
[Site "Sochi"]
[Date "2018.05.02"]
[Round "2.2"]
[White "Sabaev, Evgueni"]
[Black "Karasev, Vladimir I"]
[Result "1/2-1/2"]
[WhiteElo "2125"]
[BlackElo "2336"]
[PlyCount "146"]
[EventDate "2018.05.01"]

1. Nf3 c5 2. c4 Nf6 3. Nc3 a6 4. g3 b6 5. Bg2 Bb7 6. O-O e6 7. b3 d6 8. d4 Be7
9. Bb2 Nbd7 10. Re1 cxd4 11. Nxd4 Bxg2 12. Kxg2 Qc7 13. e4 g5 14. f3 h5 15. Qe2
Ne5 16. Rad1 Rg8 17. Kh1 h4 18. g4 Nfd7 19. Qe3 h3 20. Rg1 Rh8 21. Rg3 O-O-O
22. Nde2 Qc5 23. Qg1 Rh6 24. Bc1 Qxg1+ 25. Kxg1 Nc5 26. Be3 Kb7 27. Kf1 Rg8 28.
Ng1 Rgh8 29. Rd2 Kc7 30. Nd1 Bf6 31. Nf2 Ng6 32. Rxh3 Nh4 33. Nd3 Nxd3 34. Rxd3
Ng6 35. Rxh6 Rxh6 36. h3 Ne5 37. Rd2 Be7 38. Kg2 Rh8 39. Ne2 Ng6 40. Ng3 a5 41.
Ne2 Bf6 42. Bd4 Bxd4 43. Rxd4 Kc6 44. Rd1 Kc5 45. Kg3 a4 46. Nc1 axb3 47. axb3
Ra8 48. Nd3+ Kc6 49. f4 gxf4+ 50. Nxf4 Ra3 51. Rb1 Ne5 52. Kg2 Kc5 53. Ne2 Kb4
54. Nd4 Ra2+ 55. Kg3 Rd2 56. Nb5 Rd3+ 57. Kg2 Kc5 58. h4 Nxg4 59. h5 f5 60.
exf5 Ne3+ 61. Kf3 Nxf5+ 62. Kf4 Rh3 63. Kg5 Kb4 64. Nc7 Nd4 65. h6 e5 66. Nd5+
Kc5 67. Nf6 Ne6+ 68. Kg6 Nf4+ 69. Kg7 Ne6+ 70. Kf7 Nd8+ 71. Kg7 Ne6+ 72. Kf7
Nd8+ 73. Kg7 Ne6+ 1/2-1/2

[Event "Team senior chess final 2018"]
[Site "Sochi"]
[Date "2018.05.02"]
[Round "2.3"]
[White "Blechzin, Igor"]
[Black "Karimov, Rashid"]
[Result "1/2-1/2"]
[WhiteElo "2251"]
[BlackElo "2125"]
[PlyCount "80"]
[EventDate "2018.05.01"]

1. Nf3 c5 2. e4 e6 3. d4 cxd4 4. Nxd4 Nc6 5. Nc3 d6 6. Be3 Nf6 7. Be2 Be7 8.
O-O O-O 9. f4 e5 10. Nf5 Bxf5 11. exf5 d5 12. fxe5 Nxe5 13. Kh1 a6 14. Bd4 Qd6
15. Bf3 Rfd8 16. Qe2 Nc6 17. Bb6 Rd7 18. a3 Bd8 19. Bf2 Bc7 20. Bg3 Qc5 21.
Bxc7 Rxc7 22. Rad1 Rd8 23. Qf2 Qxf2 24. Rxf2 Rcd7 25. g4 Ne5 26. g5 Nfg4 27.
Bxg4 Nxg4 28. Re2 d4 29. Rde1 f6 30. Ne4 fxg5 31. Nxg5 Ne3 32. c3 Rf8 33. Ne6
Rf6 34. Nxd4 Nxf5 35. Nxf5 Rxf5 36. Re8+ Rf8 37. Rxf8+ Kxf8 38. Re2 Kf7 39. Kg2
Kf6 40. Kf3 Kf5 1/2-1/2

[Event "Team senior chess final 2018"]
[Site "Sochi"]
[Date "2018.05.02"]
[Round "2.4"]
[White "Vasiliev, Sergey"]
[Black "Shushpanov, Vladimir"]
[Result "0-1"]
[WhiteElo "1945"]
[BlackElo "2187"]
[PlyCount "112"]
[EventDate "2018.05.01"]

1. d4 d5 2. Nf3 Nf6 3. Bf4 Bg4 4. e3 e6 5. Be2 Be7 6. h3 Bh5 7. Nbd2 O-O 8. O-O
c5 9. c3 Nc6 10. Ne5 Bxe2 11. Qxe2 Qb6 12. Rab1 Rac8 13. Bg5 Rfd8 14. Ng4 Nxg4
15. Bxe7 Nxe7 16. Qxg4 cxd4 17. exd4 Nf5 18. Qe2 Qc7 19. Rfe1 Nd6 20. Qd3 b5
21. a3 a5 22. Rbc1 Nc4 23. Rb1 g6 24. Nb3 b4 25. axb4 axb4 26. Nc5 Qf4 27. b3
Nd6 28. cxb4 Rb8 29. g3 Qf5 30. Qd2 Qxh3 31. Qg5 Qf5 32. Qd2 Ne4 33. Nxe4 dxe4
34. Rbc1 Rd5 35. Rc5 Rbd8 36. Qc3 Qf3 37. Qxf3 exf3 38. Re3 Rxd4 39. Rxf3 Rxb4
40. Rc7 Rf8 41. Kf1 h5 42. Rd3 Kg7 43. Rf3 g5 44. Kg2 Kg6 45. Re7 h4 46. gxh4
Rxh4 47. Rb7 Rg4+ 48. Kf1 Rf4 49. Rxf4 gxf4 50. Rb5 f6 51. Ke2 e5 52. Kf3 Rc8
53. Kg4 Rc2 54. Kf3 Kf5 55. Rb4 e4+ 56. Kg2 e3 0-1

[Event "Team senior chess final 2018"]
[Site "Sochi"]
[Date "2018.05.02"]
[Round "2.1"]
[White "Zhelnin, Vladimir V"]
[Black "Gubernatorov, Sergey"]
[Result "1/2-1/2"]
[WhiteElo "2452"]
[BlackElo "2220"]
[PlyCount "80"]
[EventDate "2018.05.01"]

1. e4 c5 2. Nf3 g6 3. c3 Bg7 4. d4 cxd4 5. cxd4 d5 6. e5 Nh6 7. h3 O-O 8. Nc3
Bf5 9. Bf4 f6 10. Qb3 Nc6 11. Qxb7 Rc8 12. exf6 Rxf6 13. Be2 Nf7 14. O-O Be4
15. Bg3 Nxd4 16. Nxd4 Rb6 17. Qxa7 Bxd4 18. Nxe4 dxe4 19. Bg4 Rxb2 20. Qd7 Qxd7
21. Bxd7 Rcc2 22. Ba4 Rd2 23. Rad1 Rxa2 24. Bb3 Rab2 25. Rxd2 Rxd2 26. Re1 Rd3
27. Bxf7+ Kxf7 28. Rxe4 Rxg3 29. Rxd4 Ra3 30. Rf4+ Ke6 31. Rf8 h5 32. h4 Ra4
33. g3 Ra3 34. Kg2 Rb3 35. Kh3 Ra3 36. f3 Rb3 37. g4 hxg4+ 38. Kxg4 Rb5 39. f4
Ra5 40. Rb8 Kf6 1/2-1/2

[Event "Team senior chess final 2018"]
[Site "Sochi"]
[Date "2018.05.02"]
[Round "2.2"]
[White "Mednikov, Gennadiy"]
[Black "Vorotnikov, Vladislav V"]
[Result "0-1"]
[WhiteElo "2110"]
[BlackElo "2449"]
[PlyCount "66"]
[EventDate "2018.05.01"]

1. d4 Nf6 2. Bf4 d6 3. Nc3 Nbd7 4. Nf3 c5 5. d5 h6 6. e4 g5 7. Bd2 Bg7 8. Bc4
a6 9. a4 Ng4 10. O-O Nde5 11. Nxe5 Nxe5 12. Be2 Ng6 13. Rb1 O-O 14. Bc4 f5 15.
Bd3 f4 16. f3 Ne5 17. Be2 Bd7 18. b4 c4 19. a5 b5 20. g4 h5 21. h3 Qe8 22. Rf2
Qg6 23. Rh2 hxg4 24. hxg4 Kf7 25. Qf1 Rh8 26. Nd1 Rxh2 27. Kxh2 Rh8+ 28. Kg1
Nxg4 29. fxg4 Bd4+ 30. Kg2 Qh7 31. Kf3 Qh2 32. e5 dxe5 33. Ke4 Qh7+ 0-1

[Event "Team senior chess final 2018"]
[Site "Sochi"]
[Date "2018.05.02"]
[Round "2.3"]
[White "Shvedchikov, Anatoli I"]
[Black "Merkushev, Vasily"]
[Result "1-0"]
[WhiteElo "2279"]
[BlackElo "2154"]
[PlyCount "61"]
[EventDate "2018.05.01"]

1. c4 c5 2. Nf3 Nf6 3. Nc3 b6 4. d4 cxd4 5. Nxd4 Bb7 6. f3 g6 7. e4 Bg7 8. Be3
Nc6 9. Ndb5 O-O 10. Be2 d6 11. O-O Nd7 12. Rc1 Nc5 13. Qd2 a6 14. Na3 Re8 15.
Rfd1 Rb8 16. Nc2 Bc8 17. b4 Nd7 18. Nd5 a5 19. a3 axb4 20. axb4 Ra8 21. Nd4 Bb7
22. Ra1 Rxa1 23. Rxa1 e6 24. Nc3 Nxb4 25. Ncb5 e5 26. Nb3 Nc5 27. Qxb4 f5 28.
Nxd6 Qxd6 29. Bxc5 bxc5 30. Qxb7 Bh6 31. Ra7 1-0

[Event "Team senior chess final 2018"]
[Site "Sochi"]
[Date "2018.05.02"]
[Round "2.4"]
[White "Mayorov, Viktor"]
[Black "Kolbanov, Veniamin M"]
[Result "0-1"]
[WhiteElo "1964"]
[BlackElo "2190"]
[PlyCount "54"]
[EventDate "2018.05.01"]

1. e4 c5 2. Nc3 e6 3. g3 Nc6 4. Bg2 g6 5. f4 d6 6. Nf3 Bg7 7. d3 Nge7 8. O-O
O-O 9. Be3 Nd4 10. Kh1 Rb8 11. Qd2 b5 12. Nd1 b4 13. c3 bxc3 14. bxc3 Nxf3 15.
Bxf3 Qa5 16. Rf2 f5 17. Re2 Bb7 18. Bf2 Rfe8 19. Be1 Qa6 20. Qe3 c4 21. d4 e5
22. dxe5 dxe5 23. Rb2 exf4 24. Qxf4 fxe4 25. Bxe4 Nd5 26. Qf3 Rxe4 27. Qxe4 Nb6
0-1

[Event "Team senior chess final 2018"]
[Site "Sochi"]
[Date "2018.05.03"]
[Round "3.1"]
[White "Zlachevskiy, Leonid"]
[Black "Zhelnin, Vladimir V"]
[Result "0-1"]
[WhiteElo "1991"]
[BlackElo "2452"]
[PlyCount "86"]
[EventDate "2018.05.01"]

1. e4 c5 2. Nc3 Nc6 3. Nge2 g6 4. d4 cxd4 5. Nxd4 Bg7 6. Be3 Nf6 7. Bc4 O-O 8.
Bb3 d6 9. f3 Bd7 10. Qd2 Nxd4 11. Bxd4 b5 12. O-O a5 13. a3 Rb8 14. Kh1 a4 15.
Ba2 b4 16. axb4 Rxb4 17. Ne2 Rb7 18. Bc4 Qc7 19. b3 axb3 20. cxb3 Bb5 21. Rfc1
Bxc4 22. bxc4 Nd7 23. h3 Nc5 24. Bxg7 Kxg7 25. Qc3+ e5 26. Rab1 Rfb8 27. Rxb7
Rxb7 28. Qc2 Ne6 29. Qd3 Rb2 30. f4 Qb6 31. f5 Nc5 32. Qf3 Rb1 33. Kh2 Rxc1 34.
Nxc1 Qb1 35. f6+ Kg8 36. Qa3 Qxe4 37. Ne2 h5 38. Ng3 Qf4 39. Qf3 Qxf3 40. gxf3
Kf8 41. Ne2 Nd7 42. f4 Nxf6 43. fxe5 dxe5 0-1

[Event "Team senior chess final 2018"]
[Site "Sochi"]
[Date "2018.05.03"]
[Round "3.2"]
[White "Shvedchikov, Anatoli I"]
[Black "Sabaev, Evgueni"]
[Result "1/2-1/2"]
[WhiteElo "2279"]
[BlackElo "2125"]
[PlyCount "83"]
[EventDate "2018.05.01"]

1. c4 e6 2. Nf3 d5 3. b3 Nf6 4. Bb2 Be7 5. e3 O-O 6. Nc3 b6 7. cxd5 exd5 8. d4
Bb7 9. Be2 Nbd7 10. O-O c5 11. Rc1 Rc8 12. Rc2 Re8 13. Qc1 Bd6 14. Rd1 Ne4 15.
dxc5 Nxc3 16. Bxc3 bxc5 17. Bb2 Qe7 18. h3 Red8 19. Qa1 f6 20. Rcd2 Kh8 21. Nh4
Be5 22. Bf3 Bxb2 23. Qxb2 Nb6 24. Nf5 Qc7 25. Qc3 Qd7 26. Bg4 h5 27. Bxh5 Qxf5
28. Bg4 Qe5 29. Qa5 Rc7 30. Qxa7 Nc8 31. Qa5 Ne7 32. Rc2 f5 33. Bf3 Rdc8 34.
Rdc1 Qd6 35. Qd2 Qb6 36. Qd1 c4 37. bxc4 Rxc4 38. Rxc4 dxc4 39. Bxb7 Qxb7 40.
Rxc4 Rxc4 41. Qh5+ Kg8 42. Qe8+ 1/2-1/2

[Event "Team senior chess final 2018"]
[Site "Sochi"]
[Date "2018.05.03"]
[Round "3.3"]
[White "Karimov, Rashid"]
[Black "Chudinovskikh, Alexander M"]
[Result "0-1"]
[WhiteElo "2125"]
[BlackElo "2205"]
[PlyCount "80"]
[EventDate "2018.05.01"]

1. c4 c5 2. Nf3 Nf6 3. d4 cxd4 4. Nxd4 Nc6 5. Nc3 e6 6. g3 Qb6 7. Nb3 Ne5 8. e4
Bb4 9. Qe2 O-O 10. f4 Nc6 11. Be3 Qc7 12. Bg2 d5 13. e5 Ne4 14. Bxe4 dxe4 15.
O-O Bxc3 16. bxc3 b6 17. c5 Ne7 18. Rfd1 Bb7 19. Qf2 Rac8 20. cxb6 axb6 21.
Bxb6 e3 22. Bxe3 Qc6 23. Kf1 Nf5 24. Bc5 Rfd8 25. Rxd8+ Rxd8 26. Bd4 Nh6 27.
Ke2 Ng4 28. Qg1 Qf3+ 29. Kd2 Ba6 30. Re1 Bc4 31. Kc2 Qd3+ 32. Kb2 Bxb3 33. axb3
Qd2+ 34. Ka3 Ra8+ 35. Kb4 Rb8+ 36. Ka3 Qc2 37. Rb1 Ra8+ 38. Kb4 Nxh2 39. Qd1
Qa2 40. Ra1 Qxa1 0-1

[Event "Team senior chess final 2018"]
[Site "Sochi"]
[Date "2018.05.03"]
[Round "3.4"]
[White "Kolbanov, Veniamin M"]
[Black "Vasiliev, Sergey"]
[Result "1-0"]
[WhiteElo "2190"]
[BlackElo "1945"]
[PlyCount "81"]
[EventDate "2018.05.01"]

1. e4 c5 2. Nf3 Nc6 3. Nc3 d6 4. d4 cxd4 5. Nxd4 Nf6 6. Be2 e6 7. Be3 Be7 8.
O-O O-O 9. Nb3 a6 10. a4 b6 11. f4 Bb7 12. Bf3 Qc7 13. Qe2 Rab8 14. Rad1 Rfd8
15. g4 Bc8 16. g5 Ne8 17. Bg2 g6 18. f5 Bf8 19. f6 Ne5 20. Nd4 Qd7 21. h4 h5
22. gxh6 Kh7 23. h5 Nc7 24. Bh3 Bb7 25. Nf3 Nxf3+ 26. Rxf3 b5 27. axb5 axb5 28.
Rg3 b4 29. Nd5 Nxd5 30. exd5 Qe8 31. dxe6 Be4 32. Bg5 d5 33. hxg6+ Bxg6 34. e7
Rdc8 35. Bxc8 Rxc8 36. Rd2 Qc6 37. Kh2 Ra8 38. Qf2 Be4 39. Be3 Qd6 40. exf8=N+
Rxf8 41. Qf4 1-0

[Event "Team senior chess final 2018"]
[Site "Sochi"]
[Date "2018.05.03"]
[Round "3.2"]
[White "Karasev, Vladimir I"]
[Black "Rashkovsky, Nukhim N"]
[Result "0-1"]
[WhiteElo "2336"]
[BlackElo "2486"]
[PlyCount "94"]
[EventDate "2018.05.01"]
[BlackTeam "Шахматный клуб "]

1. e4 c5 2. Nf3 d6 3. d4 cxd4 4. Nxd4 Nf6 5. Nc3 a6 6. Be2 e5 7. Nb3 Be7 8. O-O
O-O 9. Bg5 Nbd7 10. a4 b6 11. Bd3 h6 12. Bh4 Bb7 13. Qe2 Ne8 14. Bxe7 Qxe7 15.
Bc4 Nc7 16. Rad1 Nf6 17. Rfe1 Bc6 18. h3 Rfb8 19. Qd3 b5 20. Qxd6 Qxd6 21. Rxd6
bxc4 22. Rxc6 cxb3 23. Rxc7 bxc2 24. Nd5 Nxd5 25. exd5 Rxb2 26. Kf1 f6 27. d6
Rd8 28. Rc6 Kf7 29. Rc1 Rxd6 30. R1xc2 Rd1+ 31. Ke2 Rxc2+ 32. Rxc2 Rd4 33. a5
Rd5 34. Ra2 h5 35. h4 Ke6 36. Ke3 Rb5 37. Ra4 Rb3+ 38. Ke2 Kd5 39. g3 Kc5 40.
Ra1 Rb4 41. Rd1 Kb5 42. Rd7 Rg4 43. Rd5+ Kb4 44. Rd7 Kxa5 45. Rb7 Ka4 46. Rb8
a5 47. Rh8 Kb3 0-1

[Event "Team senior chess final 2018"]
[Site "Sochi"]
[Date "2018.05.03"]
[Round "3.3"]
[White "Lisenko, Alexander V"]
[Black "Blechzin, Igor"]
[Result "1/2-1/2"]
[WhiteElo "2363"]
[BlackElo "2251"]
[PlyCount "70"]
[EventDate "2018.05.01"]
[WhiteTeam "Шахматный клуб "]

1. Nf3 Nf6 2. c4 e6 3. g3 d5 4. Bg2 dxc4 5. Qa4+ Nbd7 6. O-O a6 7. Qxc4 b5 8.
Qb3 Bb7 9. Nc3 c5 10. d3 Be7 11. a4 c4 12. dxc4 Nc5 13. Qa2 b4 14. Nd1 b3 15.
Qa3 O-O 16. Be3 Nfe4 17. Nc3 Rb8 18. Nxe4 Nxe4 19. c5 Qa5 20. Rac1 Bd5 21. Rfd1
Rfc8 22. Ne5 Rxc5 23. Bxc5 Bxc5 24. Rxc5 Qxc5 25. Qxc5 Nxc5 26. Bxd5 exd5 27.
Rd4 Re8 28. Nd3 Nxd3 29. exd3 g6 30. Rxd5 Re2 31. Ra5 Rxb2 32. Rxa6 Rd2 33. Rb6
Rxd3 34. a5 Rd1+ 35. Kg2 Ra1 1/2-1/2

[Event "Team senior chess final 2018"]
[Site "Sochi"]
[Date "2018.05.03"]
[Round "3.4"]
[White "Shushpanov, Vladimir"]
[Black "Dragomarezkij, Evgeni"]
[Result "1/2-1/2"]
[WhiteElo "2187"]
[BlackElo "2375"]
[PlyCount "100"]
[EventDate "2018.05.01"]
[BlackTeam "Шахматный клуб "]

1. d4 d5 2. c4 dxc4 3. e4 Nf6 4. e5 Nd5 5. Bxc4 Nc6 6. Ne2 Be6 7. Nd2 Na5 8.
Bd3 Nb4 9. Be4 Qd7 10. a3 Nd5 11. b4 Nc6 12. Nb3 b6 13. O-O g6 14. Qc2 Bf5 15.
Bxf5 gxf5 16. Bd2 e6 17. Rac1 Nce7 18. Bg5 Rg8 19. Bxe7 Bxe7 20. Qd3 h5 21. f4
Rg4 22. Rf3 O-O-O 23. Qa6+ Kb8 24. Na5 bxa5 25. bxa5 Ka8 26. Rb1 Rb8 27. Rxb8+
Kxb8 28. Rb3+ Nb6 29. axb6 axb6 30. Qc4 f6 31. a4 fxe5 32. a5 Kb7 33. h3 Rg8
34. fxe5 Rd8 35. Kf2 h4 36. Ke3 Bg5+ 37. Kd3 Ra8 38. axb6 cxb6 39. Qc5 Qc6 40.
Qxc6+ Kxc6 41. Rc3+ Kd7 42. d5 Ra2 43. dxe6+ Kxe6 44. Nd4+ Kd5 45. Nf3 Rxg2 46.
Rb3 Rg3 47. Ke2 Rg2+ 48. Kf1 Rg3 49. Ke2 Rg2+ 50. Kf1 Rg3 1/2-1/2

[Event "Team senior chess final 2018"]
[Site "Sochi"]
[Date "2018.05.04"]
[Round "4.3"]
[White "Shvedchikov, Anatoli I"]
[Black "Lisenko, Alexander V"]
[Result "1/2-1/2"]
[WhiteElo "2279"]
[BlackElo "2363"]
[PlyCount "36"]
[EventDate "2018.05.01"]
[BlackTeam "Шахматный клуб "]

1. d4 d5 2. Nf3 Nf6 3. c4 c6 4. cxd5 cxd5 5. Nc3 Nc6 6. Bf4 Bf5 7. e3 e6 8. Bd3
Bxd3 9. Qxd3 Bd6 10. Bxd6 Qxd6 11. O-O O-O 12. Rfc1 Rfc8 13. Nb5 Qe7 14. Nc3
Qd6 15. Nb5 Qe7 16. Nc3 Qd6 17. Nb5 Qe7 18. Nc3 Qd6 1/2-1/2

[Event "Team senior chess final 2018"]
[Site "Sochi"]
[Date "2018.05.04"]
[Round "4.4"]
[White "Dragomarezkij, Evgeni"]
[Black "Chudinovskikh, Alexander M"]
[Result "1-0"]
[WhiteElo "2375"]
[BlackElo "2205"]
[PlyCount "107"]
[EventDate "2018.05.01"]
[WhiteTeam "Шахматный клуб "]

1. c4 c5 2. Nf3 Nf6 3. g3 d5 4. cxd5 Nxd5 5. Nc3 g6 6. Qa4+ Nc6 7. Ne5 Nxc3 8.
dxc3 Qd5 9. Nxc6 Bd7 10. e4 Qxc6 11. Qxc6 Bxc6 12. f3 O-O-O 13. Bc4 e6 14. Bg5
Rd7 15. Ke2 Be7 16. h4 b5 17. Bb3 c4 18. Bxe7 Rxe7 19. Bc2 Rd8 20. e5 f6 21.
exf6 Rf7 22. a4 Rxf6 23. Rhf1 bxa4 24. Bxa4 Bd5 25. Bc2 Rf7 26. Ke3 Rb7 27. Ra2
Kc7 28. Rf2 Rd6 29. g4 Rdb6 30. Bb1 e5 31. Be4 Bc6 32. Rd2 Rb5 33. Ra4 Rc5 34.
Ra6 Bxe4 35. Kxe4 Rcb5 36. Ra4 Rc5 37. Rd5 Kc6 38. Ra6+ Kb5 39. Ra5+ Kxa5 40.
Rxc5+ Ka4 41. Rxc4+ Kb3 42. Rb4+ Rxb4+ 43. cxb4 Kxb4 44. Kxe5 Kb3 45. f4 a5 46.
f5 gxf5 47. gxf5 a4 48. f6 Kxb2 49. f7 a3 50. f8=Q a2 51. Qb4+ Ka1 52. Qc3+ Kb1
53. Qb3+ Ka1 54. Qc2 1-0

[Event "Team senior chess final 2018"]
[Site "Sochi"]
[Date "2018.05.04"]
[Round "4.1"]
[White "Gubernatorov, Sergey"]
[Black "Zlachevskiy, Leonid"]
[Result "1/2-1/2"]
[WhiteElo "2220"]
[BlackElo "1991"]
[PlyCount "75"]
[EventDate "2018.05.01"]

1. c4 e5 2. g3 Nf6 3. Bg2 Nc6 4. Nf3 Bc5 5. O-O d6 6. Nc3 O-O 7. e3 Bb6 8. Qc2
Bg4 9. h3 Bh5 10. Nh4 Rb8 11. a3 Re8 12. b4 Ne7 13. Bb2 c6 14. Ne4 Nxe4 15.
Bxe4 Bg6 16. Nxg6 hxg6 17. f4 Bc7 18. fxe5 dxe5 19. g4 Qd7 20. Rf2 Rbd8 21.
Raf1 Rf8 22. d4 exd4 23. Bxd4 b6 24. Qc3 f6 25. g5 Qxh3 26. gxf6 Qg4+ 27. Bg2
gxf6 28. Bxf6 Nf5 29. Bxd8 Rxd8 30. Qf6 Qg3 31. Rxf5 gxf5 32. Qe6+ Kg7 33. Qe7+
Kg8 34. Qe6+ Kg7 35. Qe7+ Kg8 36. Qe6+ Kg7 37. Qe7+ Kg8 38. Qe6+ 1/2-1/2

[Event "Team senior chess final 2018"]
[Site "Sochi"]
[Date "2018.05.04"]
[Round "4.2"]
[White "Sabaev, Evgueni"]
[Black "Mednikov, Gennadiy"]
[Result "0-1"]
[WhiteElo "2125"]
[BlackElo "2110"]
[PlyCount "88"]
[EventDate "2018.05.01"]

1. Nf3 d5 2. c4 d4 3. e3 Nc6 4. exd4 Nxd4 5. Nxd4 Qxd4 6. Nc3 e5 7. d3 Ne7 8.
Be2 Nc6 9. O-O Bf5 10. Nd5 O-O-O 11. Be3 Qh4 12. g3 Qh3 13. Bf3 Nd4 14. Bxd4
exd4 15. b4 Kb8 16. Re1 Qh6 17. b5 Bc5 18. Nxc7 Qd6 19. Nd5 h5 20. a4 h4 21. a5
hxg3 22. fxg3 Qh6 23. Ra2 Bd6 24. Rg2 Bh3 25. Rf2 Be6 26. Qd2 g5 27. a6 Bxd5
28. cxd5 b6 29. Rfe2 Qh3 30. Rg2 f5 31. Re6 f4 32. Qe2 fxg3 33. Bg4 gxh2+ 34.
Kh1 Qh7 35. Rf2 Qc7 36. Qc2 Qc3 37. Qe2 Qc5 38. Rff6 Qc7 39. Qd2 Rh4 40. Be2
Rf4 41. Rxd6 Rxd6 42. Rxf4 gxf4 43. Qxf4 Rd8 44. Qxd4 Rg8 0-1